Hodnotenie možnosti znižovania horľavosti a elektrostatickej úpravy výrobkov zo zmesných plastových odpadov : Diplomová práca

Enregistré dans:
Détails bibliographiques
Auteur principal: Horáková, Katarína (Auteur)
Autres auteurs: Mátel, František (xxx)
Format: Manuscrit Livre
Langue:slovaque
Publié: Trnava : STU v Bratislave MtF KMI, 2002
Sujets:
Tags: Ajouter un tag
Pas de tags, Soyez le premier à ajouter un tag!

MARC

LEADER 00000ntm a22000003a 4500
001 stu76369
005 20160719155035.9
008 020628s2002----xo------------------slo-d
040 |a STU  |b slo 
041 0 |a slo 
044 |a xo 
100 1 |a Horáková, Katarína  |4 aut 
245 1 |a Hodnotenie možnosti znižovania horľavosti a elektrostatickej úpravy výrobkov zo zmesných plastových odpadov :  |b Diplomová práca 
260 |a Trnava :  |b STU v Bratislave MtF KMI,  |c 2002 
300 |a 64 s  |c abstr. + príl. 
650 7 |a plastové odpady  |2 stusub 
650 7 |a elektrostatická úprava  |2 stusub 
650 7 |a plasty  |2 stusub 
700 1 |a Mátel, František  |4 xxx